000 01043cam a2200301Ma 4500
001 ocn931403810
003 OCoLC
005 20170712072713.0
008 011129r20022000enka b 001 0 eng d
020 _a041523803X
040 _aCo-BoUCM
_bspa
_cSaul Niño (Modificó)
_dLuz Cupitra
041 _aspa
092 _aM422
100 1 _aMussumi, Brian
_982482
245 0 3 _aA shock to thought
_bexpression after Deleuze & Guattari
_cedited por Brian Massumi
260 _aLondres
_bRoutledge
_c2002
300 _axxxix, 256 páginas
_bIlustraciones;
600 0 _aDeleuze, Gilles
_xCritica e interpretación
_970327
_d1925-1995
600 1 0 _aGuattari, Félix
_xCrítica e interpretación
_982483
600 1 4 _aDeleuze, Gilles,
_d1925-1995.
_91481
600 1 4 _aGuattari, Félix,
_d1930-1992.
_982233
650 0 4 _aEstética
_915073
650 0 4 _aAnálisis (Filosofía)
_98941
653 _aEstética
700 1 _aMassumi, Brian Editor
_982484
942 _2DEWEY
_a2
_cLIBRO
_e1
_h801.93
_mM422
999 _c305193
_d305193